000 00344nam a2200097Ia 4500
008 220120s9999||||xx |||||||||||||| ||und||
100 _aChandini B R and others
_912527
245 0 _aImplementation of wireless body area networking smart phones
260 _aCoorg Institute of Technology
_bPonnampet
_c2007
650 _aELECTRONICS AND COMMUNICATIONS
999 _c138125
_d138125